000 00551nam a2200169 i 4500
001 20757
003 ES-MaACL
005 20230906152346.0
007 t|
008 021118s1969 sp ||||1| spa d
245 0 3 _aLa actividad económica y la agricultura /
_cpor el Equipo del Secretariado de Cooperación al Desarrollo.
260 _a[S.l.] :
_bEthos,
_c[1969]
300 _a43 p. ;
_c32 cm.
500 _aEjemplar multicopista.
710 2 _aEquipo del Secretariado de Cooperación al Desarrollo.
_93489
852 _aES-MaACL
_j2072-F-4
_bR.72343
999 _c20757
_d20757